Cliquez sur les deuxièmes villes les plus peuplées des départements - Statistiques

Statistiques générales
  • Ce quiz a été pris 209 fois
  • Le résultat moyen est 45 sur 100
Réponses sur la Carte
Les réponses sont colorées sur une échelle allant du rouge au vert en fonction du pourcentage des utilisateurs qui les ont devinées à leur premier essai. Vous pouvez retrouver ces pourcentages ci-dessous.
 
Statistiques - réponses
Réponse % Correct
Aix-en-Provence
76%
Antibes
64%
Arras
64%
Bayonne
64%
Quimper
64%
Saint-Malo
64%
Carcassonne
62%
Villeurbanne
61%
Béziers
60%
Colmar
60%
Porto-Vecchio
60%
Rouen
60%
Les Sables-d'Olonne
59%
Vannes
58%
Saint-Lô
57%
Saint-Nazaire
57%
Tourcoing
57%
Digne-les-Bains
56%
Briançon
55%
Dax
55%
Lourdes
55%
Abbeville
54%
Mâcon
54%
La Seyne-sur-mer
53%
Mérignac
53%
Sedan
53%
Vichy
53%
Cergy
52%
Cholet
52%
Tulle
52%
Alès
51%
Borgo
51%
Foix
51%
Nanterre
51%
Annemasse
50%
Bergerac
50%
Canet-en-Roussillon
50%
Carpentras
50%
Corbeil-Essonnes
50%
Millau
50%
Montélimar
50%
Saint-Paul
50%
Beaune
49%
Joué-lès-Tours
49%
Créteil
48%
Dreux
48%
Lannion
48%
Oyonnax
48%
Saintes
48%
Vandœuvre-lès-Nancy
48%
Compiègne
47%
Saint-Dié-des-Vosges
47%
Montbéliard
46%
Aix-les-Bains
45%
Bar-le-Duc
45%
Lons-le-Saunier
45%
Montreuil
45%
Soissons
45%
Castres
44%
Châlons-en-Champagne
44%
Cognac
44%
Koungou
44%
Thionville
44%
Château-Gontier-sur-Mayenne
43%
Saint-Laurent-du-Maroni
43%
Haguenau
41%
Chaumont
40%
La Flèche
40%
Sens
40%
Vierzon
40%
Villeneuve-sur-Lot
40%
Cournon-d'Auvergne
39%
Le-Lametin
39%
Châtellerault
37%
Figeac
36%
Aubenas
35%
La Souterraine
35%
Saint-Flour
35%
Colomiers
34%
Sartrouville
34%
Saint-Martin-d'Hères
33%
Bressuire
31%
Issoudun
31%
Castelsarrasin
30%
Cosne-Cours-sur-Loire
30%
Romorantin-Lanthenay
30%
Saint-Chamond
30%
Vernon
29%
Chelles
28%
Hérouville-Saint-Clair
28%
Flers
27%
Romilly-sur-Seine
27%
Delle
25%
L'Isle-Jourdain
25%
Marvejols
25%
Monistrol-sur-Loire
25%
Saint-Junien
25%
Baie-Mahault
22%
Héricourt
21%
Olivet
21%
Aucun quiz correspondant
Distribution des résultats
% des personnes avec chaque résultat
Percentile par nombre de réponses
Votre historique - résultats
Vous n’avez pas pris ce quiz